Name a Valid Country for Mountain Ranges - Statistics

General Stats
  • This quiz has been taken 88 times
  • The average score is 11 of 13
Answer Stats
Mountain Range Answer % Correct
Himalayas India, China, Nepal, Bhutan, Pakistan, Afghanistan
100%
Alps Italy, Germany, Austria, Switzerland, France, Liechtenstein,Slovenia, Monaco
100%
Andes Argentina, Chile, Bolivia, Peru, Ecuador, Colombia
99%
Scandinavian Norway, Sweden, Finland
97%
Rockies United States, Canada
96%
Caucasus Armenia, Azerbaijan, Georgia, Russia
95%
Pyrenees Spain, France, Andorra
89%
Atlas Morocco, Algeria, Tunisia
88%
Carphitans Romania, Ukraine, Slovakia, Hungary, Poland, Czechia, Serbia
73%
Drakensberg South Africa, Lesotho, Eswatini
60%
Altai Mongolia, China, Kazakhstan, Russia
59%
Zagros Iran, Iraq, Turkey
53%
Pamirs Tajikistan, Kyrgyzstan, China, Afghanistan, Pakistan
48%
No matching quizzes found
Score Distribution
Percent of People with Each Score
Percentile by Number Answered
Your Score History
You have not taken this quiz